| 000 | 00662nam a2200217 a 4500 | ||
|---|---|---|---|
| 001 | 14380 | ||
| 003 | BD-JhCC | ||
| 005 | 20250907104626.0 | ||
| 008 | 250907b2017 nyua|||| ||a| 001 0 eng d | ||
| 020 | _a9781473635302 | ||
| 035 | _a(BD-JhCC)14380 | ||
| 040 |
_aBD-JhCC _dBD-JhCC |
||
| 041 | _aenglish | ||
| 082 |
_a968.06 _bNOA 2017 |
||
| 100 | _a Noah,Trevor | ||
| 245 |
_a Born a crime : _bstories from a south african childhood / _cTrevor Noah. |
||
| 260 |
_a London: _b John Murray; _c2017. |
||
| 300 |
_a x, 288 p. : _bill; _c20 cm. |
||
| 650 |
_aAfrique du Sud Conditions sociales 1961-1994 _x Afrique du Sud Conditions sociales 1994- |
||
| 942 |
_2ddc _cBK |
||
| 999 |
_c14380 _d14380 |
||